Shampoo /

Uloženo v:
Podrobná bibliografie
Hlavní autor: Alley, Roberts (autor)
Další autoři: Menini, María Antonia (traducción) (traducción)
Médium: Kniha
Jazyk:španělština
Vydáno: México : Grijalbo, 1976, c1976
Tagy: Přidat tag
Žádné tagy, Buďte první, kdo vytvoří štítek k tomuto záznamu!

MARC

LEADER 00000nam^a2200000^a^4500
001 000588898
005 20250521000000.0
009 20260310132838.298
037 |a Acervo ITESO - Biblioteca 
041 |a ESP 
091 |a FCR. 00379 
100 |a Alley, Roberts  |e (autor) 
245 1 0 |a Shampoo / 
264 4 |a México :  |b Grijalbo,  |c 1976, c1976 
300 |a 196 p. 
336 |a texto  |b txt  |2 rdacontenido 
337 |a sin mediación  |b n  |2 rdamedio 
338 |a volumen  |b nc  |2 rdasoporte 
649 |a XX 
700 |a Menini, María Antonia  |e (traducción) 
910 |a Fondo Cristina Romo Gil 
920 |a Impresos - Libros 
930 |a Fondos Especiales 
940 |a Literatura 
905 |a 143 
901 |a 1100031269  |b IT2  |c ESP  |i D122917  |u 20250521 
902 |a https://opac.biblio.iteso.mx/vufind/Record/000588898